Loading...
| Fine Arts - Classical Music | 0 | 4 | 0 | 2 | 40 | 79 | 121.75 | 0 | 1 | 7.25 | 16.67 |
| Fine Arts - Other | 1 | 4 | 3 | 0 | 40 | 102 | 121.20 | 0 | 2 | 6.06 | 14.44 |
| Religion | 2 | 1 | 0 | 0 | 40 | 56 | 66.67 | 2 | 3 | 19.06 | 35.42 |
| History - World | 1 | 2 | 0 | 1 | 35 | 69 | 99.00 | 0 | 2 | 5.59 | 11.11 |
| Science - Chemistry | 0 | 3 | 0 | 2 | 30 | 122 | 134.67 | 0 | 1 | 0.97 | 6.67 |
| Other Academic | 1 | 2 | 2 | 0 | 25 | 81 | 94.33 | 1 | 2 | 9.69 | 20.00 |
| Philosophy | 1 | 2 | 3 | 1 | 20 | 80 | 117.67 | 0 | 2 | 5.38 | 13.33 |
| Fine Arts - Painting and Sculpture | 0 | 2 | 0 | 1 | 20 | 104 | 111.50 | 0 | 1 | 5.10 | 13.00 |
| Literature - Poetry | 0 | 2 | 0 | 0 | 20 | 126 | 135.00 | 0 | 0 | 2.40 | 3.33 |
| Geography | 0 | 2 | 1 | 0 | 15 | 67 | 92.50 | 1 | 2 | 7.45 | 16.67 |
| History - American | 1 | 0 | 0 | 0 | 15 | 49 | 49.00 | 0 | 1 | 7.89 | 6.25 |
| Social Science | 0 | 2 | 2 | 0 | 10 | 85 | 98.50 | 1 | 1 | 3.92 | 7.78 |
| History - European | 0 | 1 | 0 | 0 | 10 | 95 | 95.00 | 0 | 0 | 3.12 | 1.67 |
| Literature - Drama | 0 | 1 | 1 | 1 | 5 | 156 | 156.00 | 0 | 0 | 0.16 | 2.50 |
| Short Fiction and Other | 0 | 1 | 1 | 1 | 5 | 114 | 114.00 | 0 | 0 | 2.98 | 2.86 |
| Literature - Long Fiction | 0 | 0 | 0 | 0 | 0 | 0.00 | 0 | 0 | 0.00 | 0.00 | |
| Science - Biology | 0 | 0 | 1 | 0 | -5 | 0.00 | 0 | 0 | 0.00 | 0.00 | |
| Mythology | 0 | 0 | 1 | 0 | -5 | 0.00 | 0 | 0 | 0.00 | 0.00 | |
| Current Events | 0 | 0 | 1 | 0 | -5 | 0.00 | 0 | 0 | 0.00 | 0.00 | |
| Science - Other | 0 | 0 | 2 | 0 | -10 | 0.00 | 0 | 0 | 0.00 | 0.00 |